000
nam a22 7a 4500
999
_c
48789
_d
48789
003
OSt
005
20190904105146.0
008
190904b xxu||||| |||| 00| 0 eng d
040
_c
IIMT GR.NOIDA
100
_a
BALAGURUSWAMY
245
_a
OBJECT-ORIENTED PROGRAMMING WITH C
260
_a
N.DELHI
_b
MGH
_c
2018
300
_a
558
942
_2
ddc
_c
01